| 000 | 01880cam a22001814a 4500 | ||
|---|---|---|---|
| 005 | 20250605164311.0 | ||
| 008 | 250528s ||||||||||||||||||||||||d | ||
| 035 | _a22518 | ||
| 040 |
_aGR-AtMCL _bgre _dGR-AtMCL _eAACR2 |
||
| 245 | 1 | _aΕξελικτική Ψυχολογία / Η Ψυχική ζωή από τη σύλληψη ως την ενηλικίωση | |
| 260 |
_bΑθήνα, _c1985 |
||
| 300 | _a220 | ||
| 520 | _aΤόμος 1 - Γενικές Έννοιες και Ορισμοί της Εξελικτικής Ψυχολογίας - Προγεννητική περίοδος - Βρεφική ηλικία. Το έργο περιγράφει και ερμηνεύει τις αλλαγές που συμβαίνουν στην ψυχική ζωή του νέου ατόμου, από τη σύλληψη ως το 20ο Έτος. Πρόλογος, Περιεχόμενα, Εισαγωγή, Εισαγωγικές Έννοιες και Ορισμοί στην Εξελικτική Ψυχολογία, Σύγχρονες Θεωρητικές κατευθύνσεις στην Εξελικτική Ψυχολογία, Προγεννητική Περίοδος: Σύλληψη - Κύηση - Τοκετός, Προγεννητική Περίοδος: Εισαγωγικά Σχόλια, Σύλληψη: Η αρχή της ζωής, Ενδομήτρια και Περιγεννητική περίοδος, Βρεφική Ηλικία, Βρεφική Ηλικία: Εισαγωγικά Σχόλια, Βιοσωματική Ανάπτυξη Κατά τη Βρεφική Ηλικία, Γνωστική Ανάπτυξη Κατά τη Βρεφική Ηλικία, Ψυχοκοινωνική Ανάπτυξη Κατά τη Βρεφική Ηλικία. | ||
| 700 | 1 |
_aΠαρασκευόπουλος Ιωάννης Μ _9202 |
|
| 942 | _cBK | ||
| 999 |
_c7568 _d7568 |
||